000 00543nam a2200169 i 4500
001 57135
003 ES-MaACL
005 20230906163523.0
007 t|
008 031015s1965 sp ||||1| spa d
100 1 _aDonnelly, E. L.
_945329
245 1 0 _aInstalaciones eléctricas
_b: teoría y práctica /
_cE.L. Donnelly ; [traducido por M. Pérez Chirinos y Palud].
260 _aMadrid :
_bParaninfo,
_c1965.
300 _a302 p. :
_bil. ;
_c22 cm.
700 1 _aPérez Chirinos y Palud, M.
_990730
852 _aES-MaACL
_jC-30488
_bR.60955
999 _c57135
_d57135